000 01515nam0a22002411 4500
001 rc\2942587
005 20250806202647.0
035 _a(NLR Aleph) 007205997
090 _a55588
_c55588
100 _a20110825d1943 u y0rusy50 ca
101 0 _arus
102 _aRU
105 _ay z |||||
200 1 _aО злодеяниях немецко-фашистских захватчиков в городах Вязьме, Гжатске и Сычевке Смоленской области и в городе Ржеве Калининской области
_eСообщение Чрезв. гос. комиссии по установлению и расследованию злодеяний нем.-фашист. захватчиков и их сообщников и причиненного ими ущерба гражданам, колхозам, обществ. орг-циям, гос. предприятиям и учреждениям СССР
210 _aПенза
_cгаз. "Сталинское знамя"
_d1943
710 0 1 _aСССР
_bЧрезвычайная государственная комиссия по установлению и расследованию злодеяний немецко-фашистских захватчиков
_3RU\NLR\AUTH\8810047176
801 0 _aRU
_bNLR
_gpsbo
801 1 _aRU
_bELAR
_2rusmarc
852 _aNLR
_jИр50 Г-2/467
942 _cBOOK
945 _aРоссийская национальная библиотека
980 _aNB
980 _aBV